| 000 | 01341nam a2200277 i 4500 | ||
|---|---|---|---|
| 003 | SA-RiAUC | ||
| 005 | 20241203140721.0 | ||
| 008 | 241202s1999 su g 00000dara c | ||
| 040 |
_aSA-RiKSU _bara _cSA-RiAUC _erda |
||
| 082 | 0 | 4 | _a234.6 |
| 090 |
_a234.6 _b ا ب و غ |
||
| 100 | 1 |
_aأبو غدة، عبد الفتاح بن محمد بن بشير، _d1917-1997 _eمؤلف. |
|
| 245 | 1 | 0 |
_aإمداد الفتاح بأسانيد ومرويات الشيخ عبد الفتاح : _bوهو ثبت العلامة المحدث الفقيه الأصولي الأديب المسند فضيلة الشيخ عبد الفتاح أبو غدة / _cتخريج محمد بن عبد الله آل رشيد. |
| 250 | _aالطبعة الأولى. | ||
| 264 | 1 |
_aالرياض : _bمكتبة الإمام الشافعي، _c1999 |
|
| 300 |
_a688 صفحة ؛ _c24 سم |
||
| 336 |
_aنص _btxt _2rdacontent _3كتاب |
||
| 337 |
_aبدون وسيط _bn _2rdamedia |
||
| 338 |
_aمجلد _bnc _2rdacarrier |
||
| 600 | 1 | 7 |
_aأبو غدة، عبد الفتاح بن محمد بن بشير، _d1917-1997 _2aucnm |
| 650 | 7 |
_aالحديث _xإسناد _2aucsh |
|
| 650 | 7 |
_aالحديث _xرواية _2aucsh |
|
| 700 | 1 |
_aآل رشيد، محمد بن عبد الله _eمخرج أحاديث. |
|
| 942 |
_2ddc _cBOOK _n0 |
||
| 949 |
_aSA-JeALM _d241202 _uosman123 _n1 |
||
| 999 |
_c2990 _d2990 |
||